K profilu zákazníka pojišťoven

Zmeny profilu zákazníka poisťovní. Náročnosť poskytovania služieb zákazníkom. Kľúčové oblasti zákazníkovej stratégie. Kritéria dôležité pre nákup poistenia. Cena ako najdôležitejší faktor pre zákazníkov. Využitie internetu pri nákupe poistenia.

Gespeichert in:
Bibliographische Detailangaben
1. Verfasser: Mesršmíd, Jaroslav
Format: Buchkapitel
Sprache:Tschechisch
Schlagworte:
Tags: Tag hinzufügen
Keine Tags, Fügen Sie das erste Tag hinzu!

MARC

LEADER 00000naa$a2200000$$$4500
001 0058706
005 20230927103129.9
041 0 |a cze 
044 |a CZ 
245 1 0 |a K profilu zákazníka pojišťoven  |c Jaroslav Mesršmíd 
520 |a Zmeny profilu zákazníka poisťovní. Náročnosť poskytovania služieb zákazníkom. Kľúčové oblasti zákazníkovej stratégie. Kritéria dôležité pre nákup poistenia. Cena ako najdôležitejší faktor pre zákazníkov. Využitie internetu pri nákupe poistenia. 
610 2 0 |a poisťovníctvo 
610 2 0 |a služby finančné 
610 2 0 |a klienti 
610 2 0 |a nákup 
610 2 0 |a ceny 
100 1 |a Mesršmíd, Jaroslav